| 000 | 00851cam a22002171 4500 | ||
|---|---|---|---|
| 001 | gs 12000050 | ||
| 003 | DLC | ||
| 005 | 20260227111312.0 | ||
| 008 | 800207s1911 tnu s000 0 eng c | ||
| 010 | _ags 12000050 | ||
| 035 | _a(OCoLC)5962489 | ||
| 040 |
_aU.S. Geological Survey _cMnNC _dDLC |
||
| 050 | 0 | 0 |
_aSD397.C5 _bA6 |
| 100 | 1 |
_aAshe, W. W. _q(William Willard), _d1872-1932. |
|
| 245 | 1 | 0 |
_aChestnut in Tennessee, _cby W. W. Ashe, forest assistant, Forest service. |
| 260 |
_aNashville, Tenn., _bBaird-Ward printing co., _c1911. |
||
| 300 |
_a35 p. _c23 cm. |
||
| 500 | _aAt head of title:...State of Tennessee. State geological survey...in cooperation with the Forest service, U.S. Department of agriculture. | ||
| 500 | _aExtract (B) from Bulletin no.10 [Tennessee. Geological survey] Forest studies in Tennessee. | ||
| 650 | 0 | _aChestnut. | |
| 999 |
_c25111 _d25111 |
||